[Event "Southend op 59th"]
[Site "Southend"]
[Date "2015.04.05"]
[Round "5"]
[White "Ledger, Stephen C"]
[Black "Eyles, Kier"]
[Result "1-0"]
[WhiteElo "2082"]
[BlackElo "1915"]
[PlyCount "97"]
[EventDate "2015.04.03"]
[EventType "swiss"]
[EventRounds "7"]
[EventCountry "ENG"]
[SourceTitle "EXT 2017"]
[Source "ChessBase"]
[SourceDate "2016.10.25"]
[SourceVersion "1"]
[SourceVersionDate "2016.10.25"]
[SourceQuality "1"]

1. d4 d5 2. Nf3 Nf6 3. Bf4 e6 4. e3 Bd6 5. Bg3 Bxg3 6. hxg3 Qd6 7. Nbd2 Nbd7 8. c4 c6 9. Qc2 b6 10. cxd5 exd5 11. Ne5 Bb7 12. f4 Ne4 13. Nxe4 dxe4 14. Nxd7 Qb4+ 15. Kf2 Kxd7 16. Be2 Rae8 17. Rac1 f5 18. d5 c5 19. a3 Qa5 20. b4 Qxa3 21. Bb5+ Kd6 22. Bxe8 Rxe8 23. bxc5+ Qxc5 24. Qb2 Qa5 25. Rxh7 Bxd5 26. Rxg7 Qa2 27. Qxa2 Bxa2 28. Rxa7 Bd5 29. Ra4 b5 30. Rd4 Ke6 31. Rc5 Bc4 32. Re5+ Kf7 33. Rd7+ Kf8 34. Rxf5+ Kg8 35. Rg5+ Kf8 36. Rb7 Rd8 37. g4 Rd2+ 38. Kg3 Bf1 39. Rf5+ Ke8 40. Re5+ Kd8 41. Rbxb5 Rxg2+ 42. Kh4 Be2 43. Rbd5+ Kc7 44. Rxe4 Rxg4+ 45. Kh3 Rg7 46. Rg5 Rh7+ 47. Kg2 Kc6 48. Rd4 Rh6 49. f5 1-0

[Event "Southend op 59th"]
[Site "Southend"]
[Date "2015.04.03"]
[Round "1"]
[White "Eyles, Kier"]
[Black "Merry, Alan B"]
[Result "0-1"]
[WhiteElo "1915"]
[BlackElo "2333"]
[PlyCount "52"]
[EventDate "2015.04.03"]
[EventType "swiss"]
[EventRounds "7"]
[EventCountry "ENG"]
[SourceTitle "EXT 2017"]
[Source "ChessBase"]
[SourceDate "2016.10.25"]
[SourceVersion "1"]
[SourceVersionDate "2016.10.25"]
[SourceQuality "1"]

1. d4 Nf6 2. Nf3 c5 3. d5 b5 4. Bg5 a6 5. Bxf6 exf6 6. e4 d6 7. c4 bxc4 8. Bxc4 g6 9. 0-0 Bg7 10. Nc3 0-0 11. Nd2 f5 12. Re1 fxe4 13. Ndxe4 Qc7 14. f4 Nd7 15. h3 Rb8 16. Qd2 Rb4 17. Bf1 Qb6 18. Rab1 Nf6 19. g3 Bf5 20. Bg2 Nxe4 21. Nxe4 c4+ 22. Kh1 c3 23. Nxc3 Bxb1 24. Rxb1 Re8 25. a3 Rb3 26. Be4 Bxc3 0-1